Hacia un Marx desconocido: un comentario de los manuscritos del 61-63
Sparad:
| Huvudupphovsman: | |
|---|---|
| Materialtyp: | Bok |
| Språk: | spanska |
| Publicerad: |
Ciudad de México
Siglo Veintiuno
1988
|
| Upplaga: | 1a. ed |
| Serie: | Biblioteca del Pensamiento Socialista
|
| Ämnen: | |
| Taggar: |
Lägg till en tagg
Inga taggar, Lägg till första taggen!
|
MARC
| LEADER | 00000nam a2200000 a 4500 | ||
|---|---|---|---|
| 001 | UCH2694 | ||
| 003 | CL-VaPUC | ||
| 008 | 090624e19880000MX |||||||||||||||||spa|d | ||
| 020 | |a 9789682314537 | ||
| 082 | 0 | 4 | |a 335.4 |b DUS |2 21 |
| 100 | 0 | |a Dussel, Enrique D |e author |9 537691 | |
| 245 | 1 | 0 | |a Hacia un Marx desconocido: un comentario de los manuscritos del 61-63 |
| 250 | |a 1a. ed | ||
| 300 | |a 380 p | ||
| 600 | 0 | |a Marx, Karl Heinrich, |d 1818-1883 |9 861123 | |
| 942 | |c BK | ||
| 945 | |d 20090624 00:00:00 |a rbrito | ||
| 260 | |a Ciudad de México |b Siglo Veintiuno |c 1988 | ||
| 650 | 7 | |a MARXISMO |2 CL-VaPUC |9 537692 | |
| 650 | 0 | |a Socialismo |9 255260 | |
| 650 | 0 | |a Filosofía marxista |9 337959 | |
| 650 | 0 | |a Economía marxista |9 311435 | |
| 650 | 0 | |a Capital |9 263726 | |
| 583 | |a last modification |c 20090624 00:00:00 |k Rodrigo Vera | ||
| 490 | 0 | |a Biblioteca del Pensamiento Socialista | |
| 999 | |c 334409 |d 334407 | ||
| 952 | |0 0 |1 0 |4 0 |6 335_400000000000000_DUS_1988 |7 0 |8 A |9 423400 |a BIBEDU |b BIBEDU |d 2019-11-22 |i 4568672 |o 335.4 DUS 1988 |p 4568672 |r 2019-11-22 |w 2019-11-22 |y BK |k PSI | ||